Тепловой неразрушающий контроль в Томском НИИ интроскопии; Известия Томского политехнического университета [Известия ТПУ]; Т. 306, № 1
| Parent link: | Известия Томского политехнического университета [Известия ТПУ]/ Томский политехнический университет (ТПУ).— , 2000- Т. 306, № 1.— 2003.— [С. 110-118] |
|---|---|
| Otros Autores: | , , , , |
| Sumario: | Заглавие с титульного листа Электронная версия печатной публикации Работы НИИ интроскопии при ТПУ в области теплового контроля, начатые в 70-х годах прошлого века, ориентированы на неразрушающий контроль и техническую диагностику изделий и материалов, а также специальные применения. Аппаратурную базу теплового контроля (ТК) составляют инфракрасные (ИК) системы измерения температуры, в особенности, тепловизоры. В настоящее время область наших исследований включает теоретические решения прямых и обратных задач теплопередачи, проектирование и мелкосерийный выпуск ИК сканирующих систем, разработку новых способов ТК и алгоритмов обработки нестационарной информации, а также техническую диагностику промышленных, энергетических и строительных объектов. |
| Lenguaje: | ruso |
| Publicado: |
2003
|
| Colección: | Технические науки |
| Materias: | |
| Acceso en línea: | http://www.lib.tpu.ru/fulltext/v/Bulletin_TPU/2003/v306/i1/20.pdf |
| Formato: | Electrónico Capítulo de libro |
| KOHA link: | https://koha.lib.tpu.ru/cgi-bin/koha/opac-detail.pl?biblionumber=167140 |
MARC
| LEADER | 00000nla2a2200000 4500 | ||
|---|---|---|---|
| 001 | 167140 | ||
| 005 | 20240202120247.0 | ||
| 035 | |a (RuTPU)RU\TPU\book\181300 | ||
| 035 | |a RU\TPU\book\181298 | ||
| 090 | |a 167140 | ||
| 100 | |a 20091013d2003 k y0rusy50 ca | ||
| 101 | 0 | |a rus | |
| 102 | |a RU | ||
| 135 | |a drnn ---uucaa | ||
| 181 | 0 | |a i | |
| 182 | 0 | |a b | |
| 200 | 1 | |a Тепловой неразрушающий контроль в Томском НИИ интроскопии |f В. П. Вавилов [и др.] | |
| 203 | |a Текст |c электронный | ||
| 215 | |a 1 файл (551 Кб) | ||
| 225 | 1 | |a Технические науки | |
| 300 | |a Заглавие с титульного листа | ||
| 300 | |a Электронная версия печатной публикации | ||
| 320 | |a [Библиогр.: с. 118 (8 назв.)] | ||
| 330 | |a Работы НИИ интроскопии при ТПУ в области теплового контроля, начатые в 70-х годах прошлого века, ориентированы на неразрушающий контроль и техническую диагностику изделий и материалов, а также специальные применения. Аппаратурную базу теплового контроля (ТК) составляют инфракрасные (ИК) системы измерения температуры, в особенности, тепловизоры. В настоящее время область наших исследований включает теоретические решения прямых и обратных задач теплопередачи, проектирование и мелкосерийный выпуск ИК сканирующих систем, разработку новых способов ТК и алгоритмов обработки нестационарной информации, а также техническую диагностику промышленных, энергетических и строительных объектов. | ||
| 337 | |a Adobe Reader | ||
| 461 | 1 | |0 (RuTPU)RU\TPU\book\176237 |t Известия Томского политехнического университета [Известия ТПУ] |f Томский политехнический университет (ТПУ) |d 2000- | |
| 463 | 1 | |0 (RuTPU)RU\TPU\book\181200 |t Т. 306, № 1 |v [С. 110-118] |d 2003 |p 180 с. | |
| 601 | 0 | 2 | |a Томский политехнический университет (ТПУ) |b Научно-исследовательский институт интроскопии (НИИ ИН) |2 stltpush |3 (RuTPU)RU\TPU\col\863 |
| 610 | 1 | |a труды учёных ТПУ | |
| 610 | 1 | |a электронный ресурс | |
| 610 | 1 | |a неразрушающий контроль | |
| 610 | 1 | |a тепловой контроль | |
| 610 | 1 | |a материалы | |
| 610 | 1 | |a изделия | |
| 610 | 1 | |a теплопередача | |
| 610 | 1 | |a сканирующие системы | |
| 610 | 1 | |a техническая диагностика | |
| 610 | 1 | |a промышленные объекты | |
| 610 | 1 | |a энергетические объекты | |
| 701 | 1 | |a Вавилов |b В. П. |c специалист в области неразрушающего контроля |c профессор Томского политехнического университета, доктор технических наук |f 1949- |g Владимир Платонович |3 (RuTPU)RU\TPU\pers\19772 |9 7710 | |
| 701 | 1 | |a Торгунаков |b В. Г. | |
| 701 | 1 | |a Ширяев |b В. В. |c специалист в области неразрушающего контроля |c старший научный сотрудник Томского политехнического университета, кандидат технических наук |f 1948- |g Владимир Васильевич |3 (RuTPU)RU\TPU\pers\28002 |9 12991 | |
| 701 | 1 | |a Иванов |b А. И. |c российский ученый, специалист в области теплового неразрушающего контроля |c старший научный сотрудник Томского политехнического университета, кандидат технических наук |f 1951- |g Александр Иванович |3 (RuTPU)RU\TPU\pers\27984 | |
| 701 | 1 | |a Нестерук |b Д. А. |c специалист в области неразрушающего контроля |c доцент Томского политехнического университета, кандидат технических наук |f 1979- |g Денис Алексеевич |3 (RuTPU)RU\TPU\pers\25092 |9 11198 | |
| 801 | 1 | |a RU |b 63413507 |c 20090623 |g PSBO | |
| 801 | 2 | |a RU |b 63413507 |c 20210513 |g PSBO | |
| 856 | 4 | |u http://www.lib.tpu.ru/fulltext/v/Bulletin_TPU/2003/v306/i1/20.pdf | |
| 942 | |c CF | ||